Theology today
| Corporate Author: | |
|---|---|
| Format: | Electronic Journal |
| Language: | English |
| Published: |
[Princeton, N.J.] :
[Westminster Press],
[1944]-
Lancaster, PA : Theology today Ephrata, PA : Science Press Ephrata, PA : Princeton Theological Seminary Princeton, NJ : SAGE Publications London, UK : |
| Subjects: | |
| Online Access: | Full text available from Research Library: 01/01/1988 to 10/31/2004 |
MARC
| LEADER | 00000nas a2200000 a 4500 | ||
|---|---|---|---|
| 001 | ssj0011882 | ||
| 003 | WaSeSS | ||
| 005 | 20200512172242.0 | ||
| 006 | m d | ||
| 007 | cr n | ||
| 008 | 050614c19449999enkqr p s 0 a0eng c | ||
| 010 | |a 2011263161 | ||
| 015 | |a GBB3B4789 |2 bnb | ||
| 016 | 7 | |a 2067097-7 |2 DE-600 | |
| 016 | 7 | |a 015533964 |2 Uk | |
| 022 | |a 2044-2556 |y 0040-5736 | ||
| 035 | |a (WaSeSS)ssj0011882 | ||
| 037 | |b Science Press, P.O. Box 29, Princeton, NJ 08540 | ||
| 037 | |b Sage Publications, Inc., 2455 Teller Rd Thousand Oaks CA 91320 United States | ||
| 040 | |a OCLCS |b eng |c OCLCS |d MUQ |d TXJ |d OCLCQ |d TXU |d OCLCQ |d TXA |d GHS |d FJM |d QE2 |d AU@ |d NZAUC |d OCLCE |d DLC |d HEBIS |d OCLCQ |d OCLCF |d DLC |d OCLCO |d OCLCQ |d DEFHM |d OCLCO |d OCLCQ |d OCLCA |d OCLCQ |d NLE |d KSU |d OCLCO |d UKMGB |d VT2 |d CNTRU |d NJT |d OCLCA |d WaSeSS | ||
| 042 | |a pcc |a nsdp | ||
| 050 | 1 | 4 | |a BR1 |b .T62 |
| 082 | 0 | 4 | |a 205 |
| 130 | 0 | |a Theology today (Princeton, N.J.) | |
| 222 | 0 | |a Theology today |b (Princeton, N.J. Online) | |
| 245 | 1 | 0 | |a Theology today |h [electronic resource]. |
| 260 | |3 1944-Jan. 1946 : |a [Princeton, N.J.] : |b [Westminster Press], |c [1944]- | ||
| 260 | 2 | |3 Apr. 1946-Jan. 1974 : |a Lancaster, PA : |b Theology today | |
| 260 | 2 | |3 Apr. 1974-Jan. 1975 : |a Ephrata, PA : |b Theology today | |
| 260 | 2 | |3 Apr. 1975-Apr. 1995 : |a Ephrata, PA : |b Science Press | |
| 260 | 3 | |3 July 1995- : |a Princeton, NJ : |b Princeton Theological Seminary | |
| 260 | 3 | |3 <2011-> : |a London, UK : |b SAGE Publications | |
| 310 | |a Quarterly | ||
| 362 | 1 | |a Began with: Vol. 1, no. 1 (Apr. 1944). | |
| 500 | |a The life of man in the light of God. | ||
| 506 | |a License restrictions may limit access. | ||
| 538 | |a Mode of access: World Wide Web. | ||
| 588 | |a Description based on: Vol. 1, no. 1 (Apr. 1944); title from PDF article running title (Sage Journals Online, viewed May 17, 2011). | ||
| 588 | |a Latest issue consulted: Vol. 68, no. 1 (Apr. 2011) (Sage Journals Online, viewed May 17, 2011). | ||
| 650 | 0 | |a Theology |v Periodicals. | |
| 650 | 0 | |a Calvinism |v Periodicals. | |
| 650 | 6 | |a Théologie |v Périodiques. | |
| 650 | 6 | |a Calvinisme |v Périodiques. | |
| 650 | 7 | |a Calvinism. |2 fast |0 (OCoLC)fst00844591 | |
| 650 | 7 | |a Theology. |2 fast |0 (OCoLC)fst01149559 | |
| 650 | 7 | |a Theologie |2 gnd | |
| 650 | 7 | |a Zeitschrift |2 gnd | |
| 655 | 0 | |a Electronic journals. | |
| 710 | 2 | |a Princeton Theological Seminary. | |
| 776 | 0 | 8 | |i Print version: |t Theology today (Princeton, N.J.) |x 0040-5736 |w (DLC) 47020879 |w (OCoLC)1587753 |
| 856 | 4 | 0 | |z Full text available from Research Library: 01/01/1988 to 10/31/2004 |u https://search.proquest.com/publication/16039 |